01005nam a2200289 a 4500001000200000003000900002005001700011008003500028020001800063040002600081082002700107100003900134245005100173260005400224300002400278490001400302504000600316590002600322650002300348650004900371650002900420710004400449910003900493942001200532952015400544999001700698 DO-SdBNP20240829091039.0091001s2012 mx a r 000 0 spa d a9786071609540 aDO-SdBNPbspacBPMSU  4aM861.6bM188L 20122221 aMagaña Merlo, Gabriel, d1944-10aLejos alcanzado aquí / cGabriel Magaña.  aMéxico:bFondo de Cultura Económica, c2012 a199 p. ;c24 cm.b 0 aPoesía  a  aInventariado, 2024/VM 4aPoesía mexicana  4aFuturismo (Movimiento literario)vPoesías. 4aMontañavPoesías y 2 aFondo de Cultura Económica (México) aVMateo V. Cotrol de calidad. BPMSU 2ddccBK 00102ddc40708CGaBPMETbBPMETd2024-08-29eFondo de Cultura Económical0oBPMSU CG M861.6 M188L 2012pBPMSU24080049r2024-08-29w2024-08-29yBK c14788d14788